THE FALK LANDS WAR (Record no. 577677)
[ view plain ]
| 000 -LEADER | |
|---|---|
| fixed length control field | 00234nam a22001097a 4500 |
| 082 ## - DEWEY DECIMAL CLASSIFICATION NUMBER | |
| Classification number | 355.02-F EDD'F |
| 100 ## - MAIN ENTRY--PERSONAL NAME | |
| Personal name | EDDY, PAUL |
| 9 (RLIN) | 46228 |
| 245 ## - TITLE STATEMENT | |
| Title | THE FALK LANDS WAR |
| 260 ## - PUBLICATION, DISTRIBUTION, ETC. | |
| Place of publication, distribution, etc. | LONDON |
| Name of publisher, distributor, etc. | SPHERE |
| Date of publication, distribution, etc. | 1982 |
| 300 ## - PHYSICAL DESCRIPTION | |
| Extent | 274P |
| 942 ## - ADDED ENTRY ELEMENTS (KOHA) | |
| Koha item type | Book |
| Withdrawn status | Lost status | Damaged status | Not for loan | Permanent Location | Current Location | Shelving location | Date acquired | Total Checkouts | Full call number | Barcode | Date last seen | Price effective from | Koha item type |
|---|---|---|---|---|---|---|---|---|---|---|---|---|---|
| College of Electrical & Mechanical Engineering (CEME) | College of Electrical & Mechanical Engineering (CEME) | General Stacks | 02/17/2017 | 355.02-F EDD'F | CEME-19556 | 06/28/2021 | 06/28/2021 | Book | |||||
| College of Electrical & Mechanical Engineering (CEME) | College of Electrical & Mechanical Engineering (CEME) | General Stacks | 02/17/2017 | 355.02-F EDD'F | CEME-19555 | 06/28/2021 | 06/28/2021 | Book |
